Szczegóły MARC21

Marketing 3.0 : from products to customers to the human spirit /

005 -DATA I CZAS OSTATNIEJ MODYFIKACJI [,]
    • @
    • pole kontrolne
    • 20120906113623.0
020 -Międzynarod. znormalizowany nr książki - ISBN [ , ]
    • a
    • Numer ISBN
    • 9780470598825 Find
040 -Instytucja sporządzająca opis [ , ]
    • a
    • Instytucja, która sporządziła opis (NP)
    • SZCZ U/DL
    • c
    • Instytucja, która sporządziła rekord (NP)
    • SZCZ U/DL
    • d
    • Instytucja, która zmodyfikowała rekord (P)
    • SZCZ U/JŚ
041 -Język dokumentu [0, ]
    • a
    • Język tekstu (P)
    • angielski
044 -Kraj miejsca wydania [ , ]
    • a
    • Kraj miejsca wydania
    • USA
942 -Rodzaj dokumentu [ , ]
    • c
    • Rodzaj dokumentu
    • Książka
100 -Hasło główne - nazwa osobowa [1, ]
    • 9
    • KHW
    • 9469
    • a
    • Nazwa osobowa (NP)
    • Kotler, Philip
    • d
    • Daty biograficzne (NP)
    • (1931- ).
245 -Strefa tytułu i oznaczenia odpowiedzialności [1,0]
    • a
    • Tytuł
    • Marketing 3.0 : Find
    • b
    • Ciąg dalszy tytułu (NP)
    • from products to customers to the human spirit / Find
    • c
    • Pozostałe elementy strefy tytułu i oznaczenia odpowiedzialności (NP)
    • Philip Kotler, Hermawan Kartajaya, Iwan Setiawan.
260 -Strefa adresu wydawniczego [ , ]
    • a
    • Miejsce wydania (P)
    • Hoboken, NJ :
    • b
    • Nazwa wydawcy (P)
    • John Wiley & Sons,
    • c
    • Data wydania (P)
    • cop. 2010.
300 -Strefa opisu fizycznego [ , ]
    • a
    • Określenie formy książki i/lub objętość (NP)
    • XV, 188 s. :
    • b
    • Oznaczenie ilustracji (NP)
    • il. ;
    • c
    • Format (NP)
    • 23 cm.
504 -Uwaga dot. bibliogr. załącznikowej [ , ]
    • a
    • Uwaga dot. bibliografii załącznikowej
    • Ind.
080 -Uniwersalna Klasyfikacja Dziesiętna [ , ]
    • 2
    • Identyfikator wydania tablic
    • UDC-P058
    • 9
    • UKD
    • 3296
    • a
    • Symbol klasyfikacji
    • 339.138
    • b
    • Dopowiedzenie
    • Marketing. Badania marketingowe.
    • 4
    • UKD2
    • 7644
    • x
    • Poddział wspólny
    • =111
    • c
    • Dopowiedzenie poddz. wspólnego
    • =Język angielski.
980 -Symbol UKD [ , ]
    • a
    • UKD
    • 339.138=111
700 -Hasło dodatkowe - nazwa osobowa [1, ]
    • 9
    • KHW
    • 20440
    • a
    • Nazwa osobowa (NP)
    • Kartajaya, Hermawan Find
    • d
    • Daty biograficzne (NP)
    • (1947- ).
700 -Hasło dodatkowe - nazwa osobowa [1, ]
    • 9
    • KHW
    • 20442
    • a
    • Nazwa osobowa (NP)
    • Setiawan, Iwan. Find
920 -ISBN [ , ]
    • a
    • ISBN
    • 978-0-470-59882-5 Find
Obwoluta Data inwentaryzacji Lokalizacja Sygnatura Numer inwentarzowy Status udost.
12012-08-28TT.12153T.12153-2